000 00603cam a22002293a 4500
001 29531
003 PGUSA
005 20140828083635.0
008 090728s2009||||xxu|||||s|||||000 p eng d
040 _aPGUSA
_beng
042 _adc
050 4 _aPR
100 1 _aSymons, Arthur,
_d1865-1945
245 1 0 _aSilhouettes
_h[electronic resource] /
_cArthur Symons
260 _bProject Gutenberg,
_c2009
506 _aPublic domain in the USA.
516 _aElectronic text
653 _aPoetry
830 0 _aProject Gutenberg
_v29531
856 4 0 _uhttp://www.gutenberg.org/ebooks/29531
942 _cEB
999 _c258786
_d258786